[Event "FIDE Open Sachove Univerzity QCC"]
[Site "Ceske Budejovice"]
[Date "2020.07.02"]
[Round "2.1"]
[White "Frnoch, Vojtech"]
[Black "Chval, Petr"]
[Result "0-1"]
[WhiteElo "1597"]
[BlackElo "1926"]
[Annotator "TA"]
[PlyCount "104"]
[EventDate "2020.07.01"]
[EventType "swiss"]
[EventCountry "CZE"]
[SourceTitle "playchess.com"]
[Source "ChessBase"]
[SourceQuality "1"]

{[%evp 9,104,0,0,0,0,0,0,-4,-1,-23,0,-8,0,0,0,-3,-2,-14,-14,-14,20,14,14,8,20,0,8,8,8,10,10,0,6,0,0,0,7,0,6,5,13,0,0,-30,-43,-110,-26,-85,0,0,0,0,0,-125,-60,-81,-103,-129,-135,-332,-320,-401,-298,-408,-300,-308,-264,-369,-355,-362,-195,-409,-386,-422,-394,-389,-382,-391,-362,-389,-375,-486,-472,-558,-543,-535,-556,-497,-514,-1225,-1182,-2523,-2688,-29985,-29986,-29986,-29987]} 1. c4 e5 2. Nc3 Nf6 3. Nf3 Nc6 4. e3 Be7 5. d3 d5 6. cxd5 {A28: English Opening: Four Knights Variation.} Nxd5 7. Be2 Be6 {[#]} 8. e4 $146 {The position is equal.} ({Predecessor:} 8. O-O O-O 9. Qc2 f5 10. a3 a5 11. Bd2 Qe8 12. Nxd5 Bxd5 13. Bc3 Qg6 14. Qa4 Rfd8 15. Rfd1 b5 16. Qc2 b4 17. Be1 Kh8 18. Qa4 Rab8 19. axb4 Bxb4 {½-½ (42) Grachev,B (2647)-Skatchkov,V (2338) Sochi 2018}) 8... Nb6 9. Be3 f6 10. d4 exd4 11. Nxd4 Nxd4 12. Bxd4 O-O 13. O-O c6 14. f4 Qe8 {...Rd8 is the strong threat.} 15. Bf2 Rd8 16. Qc2 f5 17. Bd3 Rxd3 {[%mdl 64] [#] Remove Defender} 18. Qxd3 {And now Rfe1 would win.} Bc4 19. Qc2 {Threatens to win with Rfe1.} Bxf1 20. Rxf1 fxe4 21. Qxe4 Qf7 22. g3 Bf6 23. Re1 Bxc3 24. bxc3 Qxa2 25. Bd4 Qf7 26. Bc5 Rd8 27. Qf3 ({White should try} 27. Bf2 $15) 27... Re8 (27... Nd5 $17) 28. Re3 (28. Qf2 $11) 28... Rxe3 ({Black should play} 28... Nd5 $17 29. Rxe8+ Qxe8) 29. Qxe3 $11 Nd5 30. Qe5 {Threatening mate with Qb8+.} h6 31. Bd4 (31. Bxa7 $11 {was the only way to keep the balance.} Qe7 32. Qxe7 Nxe7 33. Kf2) 31... b6 (31... a6 $17 32. Qb8+ Kh7) 32. Qb8+ {[#]} Kh7 $1 33. Qe5 c5 34. Bf2 $2 {This costs White the game.} (34. Qe4+ $17 Kg8 35. Be5) 34... Nf6 $19 35. h3 Qd5 36. Qe2 Ne4 37. c4 Qc6 38. Qd3 Qg6 39. Qe3 Nxf2 40. Qxf2 $2 {[%mdl 4096] Endgame KQ-KQ} (40. Kxf2 Qc2+ 41. Qe2 Qxe2+ 42. Kxe2) 40... Qd3 41. Qe1 Qxc4 42. Qb1+ Kg8 43. Qg6 Qf7 44. Qe4 Qd7 {Hoping for ...Qd4+.} 45. Qa8+ Kf7 46. h4 b5 47. Qf3 c4 48. Qh5+ Kg8 49. Qe5 (49. Qc5 $142) 49... Qc6 {White must now prevent ...c3.} 50. Qb8+ Kh7 51. Qxa7 c3 52. Qe3 c2 {Accuracy: White = 48%, Black = 81%.} 0-1

[Event "FIDE Open Sachove Univerzity QCC"]
[Site "Ceske Budejovice"]
[Date "2020.07.02"]
[Round "2.1"]
[White "Roubal, Matyas"]
[Black "Bara, Jan"]
[Result "0-1"]
[WhiteElo "1443"]
[BlackElo "1128"]
[Annotator "NA"]
[PlyCount "170"]
[EventDate "2020.07.01"]
[EventType "swiss"]
[EventCountry "CZE"]
[SourceTitle "playchess.com"]
[Source "ChessBase"]
[SourceQuality "1"]
[TimeControl "40/5400+30:1800+30"]

1. e4 {[%emt 0:00:00]} c5 {[%emt 0:00:00]} 2. Nf3 {[%emt 0:00:00]} Nc6 {[%emt 0:00:00]} 3. Bb5 {[%emt 0:00:00]} e6 {[%emt 0:01:31]} 4. O-O {[%emt 0:00:00]} Nf6 {[%emt 0:01:22]} 5. d3 {[%emt 0:00:18]} Be7 {[%emt 0:06:37]} 6. Nc3 {[%emt 0:00:43]} O-O {[%emt 0:05:30]} 7. Re1 {[%emt 0:01:22]} d5 {[%emt 0:08:30]} 8. exd5 {[%emt 0:02:42]} exd5 {[%emt 0:10:31]} 9. Bxc6 {[%emt 0:01:21]} bxc6 {[%emt 0:04:22]} 10. Bg5 {[%emt 0:00:24]} Re8 {[%emt 0:06:37]} 11. Qd2 {[%emt 0:00:50]} Bf5 {[%emt 0:15:25]} 12. Re2 {[%emt 0:06:59]} Qd7 {[%emt 0:04:29]} 13. Ne5 {[%emt 0:01:13]} Qd6 {[%emt 0:06:02]} 14. Rae1 {[%emt 0:08:40]} Rac8 {[%emt 0:06:19]} 15. h3 {[%emt 0:10:35]} Be6 {[%emt 0:07:16]} 16. Bf4 {[%emt 0:06:15]} Qd8 {[%emt 0:03:47]} 17. Nf3 {[%emt 0:02:07]} Bd6 {[%emt 0:01:48]} 18. Bxd6 {[%emt 0:00:43]} Qxd6 {[%emt 0:00:08]} 19. Ng5 {[%emt 0:00:17]} Bd7 {[%emt 0:01:35]} 20. Rxe8+ {[%emt 0:02:31]} Rxe8 {[%emt 0:00:15]} 21. Rf1 {[%emt 0:03:04]} h6 {[%emt 0:00:39]} 22. Nf3 {[%emt 0:00:23]} Nh5 {[%emt 0:00:42]} 23. Ne2 {[%emt 0:01:44]} Qf6 {[%emt 0:01:06]} 24. Nh2 {[%emt 0:01:33]} Qxb2 {[%emt 0:01:15]} 25. Nc3 {[%emt 0:01:29]} Qb8 {[%emt 0:01:02]} 26. f4 {[%emt 0:01:57]} Qd6 {[%emt 0:01:00]} 27. Ng4 {[%emt 0:03:41]} Bxg4 {[%emt 0:01:22]} 28. hxg4 {[%emt 0:00:05]} Nf6 {[%emt 0:00:06]} 29. g5 {[%emt 0:00:49]} hxg5 {[%emt 0:01:17]} 30. fxg5 {[%emt 0:00:06]} Ng4 {[%emt 0:00:07]} 31. Qf4 {[%emt 0:02:22]} Qxf4 {[%emt 0:00:09]} 32. Rxf4 {[%emt 0:00:04]} Re1+ {[%emt 0:00:06]} 33. Rf1 {[%emt 0:00:03]} Rxf1+ {[%emt 0:00:08]} 34. Kxf1 {[%emt 0:00:04]} Ne3+ {[%emt 0:00:05]} 35. Kf2 {[%emt 0:00:11]} Nxc2 {[%emt 0:00:04]} 36. Na4 {[%emt 0:00:12]} Nb4 {[%emt 0:00:17]} 37. Nxc5 {[%emt 0:00:05]} Nxa2 {[%emt 0:00:06]} 38. Nd7 {[%emt 0:00:37]} a5 {[%emt 0:00:28]} 39. Ke2 {[%emt 0:00:15]} a4 {[%emt 0:00:24]} 40. Kd2 {[%emt 0:00:05]} a3 {[%emt 0:00:27]} 41. Nc5 {[%emt 0:30:17]} Nb4 {[%emt 0:30:35]} 42. Kc3 {[%emt 0:00:11]} a2 {[%emt 0:01:24]} 43. Nb3 {[%emt 0:00:37]} c5 {[%emt 0:00:18]} 44. Na1 {[%emt 0:00:46]} Kh7 {[%emt 0:00:35]} 45. d4 {[%emt 0:00:16]} Na6 {[%emt 0:00:45]} 46. dxc5 {[%emt 0:00:05]} Nxc5 {[%emt 0:00:02]} 47. Kd4 {[%emt 0:00:07]} Ne6+ {[%emt 0:00:14]} 48. Kxd5 {[%emt 0:00:05]} Nxg5 {[%emt 0:00:12]} 49. Kc4 {[%emt 0:01:24]} Kg6 {[%emt 0:00:10]} 50. Kb3 {[%emt 0:00:04]} Kf5 {[%emt 0:00:08]} 51. Kxa2 {[%emt 0:00:05]} Kg4 {[%emt 0:00:04]} 52. Nc2 {[%emt 0:00:08]} Kg3 {[%emt 0:00:10]} 53. Ne3 {[%emt 0:00:09]} g6 {[%emt 0:00:21]} 54. Kb3 {[%emt 0:00:08]} Kf2 {[%emt 0:00:07]} 55. Ng4+ {[%emt 0:00:07]} Kxg2 {[%emt 0:00:10]} 56. Ne5 {[%emt 0:00:14]} Kg3 {[%emt 0:00:50]} 57. Kc4 {[%emt 0:00:05]} Kf4 {[%emt 0:00:07]} 58. Kd5 {[%emt 0:00:04]} Kf5 {[%emt 0:00:12]} 59. Nd3 {[%emt 0:00:30]} Ne6 {[%emt 0:00:32]} 60. Ne5 {[%emt 0:01:25]} f6 {[%emt 0:01:19]} 61. Nf7 {[%emt 0:00:46]} Nc7+ 62. Kd4 {[%emt 0:01:03]} Kf4 {[%emt 0:01:56]} 63. Kd3 {[%emt 0:00:32]} Kf3 {[%emt 0:02:12]} 64. Kd2 {[%emt 0:00:09]} Kf2 {[%emt 0:00:11]} 65. Kd3 {[%emt 0:00:04]} g5 {[%emt 0:00:19]} 66. Nh6 {[%emt 0:00:08]} Kf3 {[%emt 0:00:13]} 67. Kd2 {[%emt 0:00:25]} Nd5 {[%emt 0:00:40]} 68. Nf5 {[%emt 0:00:29]} g4 {[%emt 0:00:54]} 69. Ke1 {[%emt 0:01:30]} Ne3 {[%emt 0:00:22]} 70. Nd4+ {[%emt 0:00:03]} Kg2 {[%emt 0:00:06]} 71. Ke2 {[%emt 0:00:06]} Nf1 {[%emt 0:00:31]} 72. Ne6 {[%emt 0:01:13]} g3 {[%emt 0:00:42]} 73. Nd4 {[%emt 0:00:17]} Kh1 {[%emt 0:00:59]} 74. Kf3 {[%emt 0:01:26]} g2 {[%emt 0:01:41]} 75. Ne2 {[%emt 0:00:06]} Nd2+ {[%emt 0:00:00]} 76. Ke3 {[%emt 0:00:00]} Nf1+ {[%emt 0:00:00]} 77. Kf2 {[%emt 0:00:00]} f5 {[%emt 0:00:00]} 78. Ng1 {[%emt 0:00:00]} Nd2 {[%emt 0:00:00]} 79. Ne2 {[%emt 0:00:00]} Ne4+ {[%emt 0:00:00]} 80. Kf3 {[%emt 0:00:00]} g1=Q {[%emt 0:00:00]} 81. Nxg1 {[%emt 0:00:00]} Kxg1 {[%emt 0:00:00]} 82. Kf4 {[%emt 0:00:00]} Nd6 {[%emt 0:00:00]} 83. Ke5 {[%emt 0:00:00]} Kf2 {[%emt 0:00:00]} 84. Kf4 {[%emt 0:00:00]} Kg2 {[%emt 0:00:00]} 85. Ke5 {[%emt 0:00:00]} Kg3 {[%emt 0:00:00]} 0-1

[Event "FIDE Open Sachove Univerzity QCC"]
[Site "Ceske Budejovice"]
[Date "2020.07.02"]
[Round "2.2"]
[White "Hlavsa, Filip"]
[Black "Vavrousek, Petr"]
[Result "1/2-1/2"]
[WhiteElo "1886"]
[BlackElo "1605"]
[Annotator "NA"]
[PlyCount "81"]
[EventDate "2020.07.01"]
[EventType "swiss"]
[EventCountry "CZE"]
[SourceTitle "playchess.com"]
[Source "ChessBase"]
[SourceQuality "1"]
[TimeControl "40/5400+30:1800+30"]

1. e4 {[%emt 0:00:00]} e6 {[%emt 0:00:00]} 2. Nf3 {[%emt 0:00:00]} d5 {[%emt 0:00:05]} 3. e5 {[%emt 0:00:00]} c5 {[%emt 0:01:12]} 4. b4 {[%emt 0:00:01]} cxb4 {[%emt 0:01:15]} 5. d4 {[%emt 0:00:33]} Nc6 {[%emt 0:02:47]} 6. a3 {[%emt 0:00:13]} bxa3 {[%emt 0:03:04]} 7. c3 {[%emt 0:00:25]} Bd7 {[%emt 0:00:26]} 8. Bd3 {[%emt 0:00:16]} Be7 {[%emt 0:01:36] C00: French: Unusual White 2nd moves.} 9. O-O {[%emt 0:00:27]} Rc8 {[%emt 0:02:04] [#]} 10. Re1 $146 {[%emt 0:01:09]} ({Predecessor:} 10. Nxa3 a6 11. Nb1 Na5 12. Bg5 Nc4 13. Bxe7 Nxe7 14. Ng5 Ng6 15. Qh5 h6 16. Nxf7 Kxf7 17. Bxg6+ Kf8 18. Qf3+ Qf6 19. exf6 {1-0 (19) Gerlach,F-Langmann,M Bendorf 2006}) 10... Na5 {[%emt 0:01:58]} 11. Nxa3 {[%emt 0:08:24]} a6 {[%emt 0:02:17]} 12. Bd2 {[%emt 0:02:47]} Bxa3 {[%emt 0:05:11]} 13. Rxa3 {[%emt 0:00:21]} Nc4 {[%emt 0:00:08]} 14. Bxc4 {[%emt 0:15:37]} Rxc4 {[%emt 0:00:31]} 15. h4 {[%emt 0:02:43]} Qc8 {[%emt 0:01:00]} 16. h5 {[%emt 0:03:18]} Ne7 {[%emt 0:02:56]} ({Black should try} 16... h6 $15) 17. h6 {[%emt 0:05:13]} gxh6 {[%emt 0:01:23]} 18. Nh2 {[%emt 0:00:11]} Nf5 {[%emt 0:10:55]} 19. Ng4 {[%emt 0:03:17]} Ke7 {[%emt 0:02:51]} (19... Kd8 $11) 20. Nf6 {[%emt 0:02:18]} Qf8 {[%emt 0:03:43]} (20... Kd8 $14) 21. Qh5 {[%emt 0:14:06]} (21. g4 $18 Ng7 22. Bxh6) 21... Qg7 {[%emt 0:08:27]} 22. Kh2 {[%emt 0:02:43]} Kd8 {[%emt 0:01:27]} 23. g4 {[%emt 0:03:43]} Ne7 {[%emt 0:01:03]} 24. Bxh6 {[%emt 0:02:33]} Qg6 {[%emt 0:00:24]} 25. Qh3 {[%emt 0:00:23]} Ng8 {[%emt 0:00:31]} 26. Bf4 {[%emt 0:17:44]} Nxf6 {[%emt 0:00:51]} 27. exf6 {[%emt 0:00:04]} Qc2 {[%emt 0:03:38]} 28. Qe3 {[%emt 0:02:44]} Rg8 {[%emt 0:09:43]} 29. Bg3 $15 {[%emt 0:08:29]} Qe4 {[%emt 0:06:10]} 30. Qxe4 {[%emt 0:01:36]} dxe4 {[%emt 0:00:10]} 31. Rb1 {[%emt 0:01:26]} Bc8 {[%emt 0:02:39]} 32. Kh3 {[%emt 0:01:20]} Kd7 {[%emt 0:01:25]} 33. Be5 {[%emt 0:01:39]} b5 {[%emt 0:01:05]} 34. Kh4 {[%emt 0:00:29]} Bb7 {[%emt 0:00:49]} 35. Kh5 {[%emt 0:00:26]} Rgc8 {[%emt 0:00:18]} 36. Kh6 {[%emt 0:00:49]} Rxc3 {[%emt 0:00:21]} 37. Rxc3 {[%emt 0:00:18]} Rxc3 {[%emt 0:00:06]} 38. Kg7 {[%emt 0:00:30]} Ke8 {[%emt 0:00:32]} 39. g5 {[%emt 0:00:43]} e3 {[%emt 0:06:22]} 40. fxe3 {[%emt 0:00:24]} Be4 {[%emt 0:01:27]} 41. Re1 {[%emt 0:05:08]} 1/2-1/2

[Event "FIDE Open Sachove Univerzity QCC"]
[Site "Ceske Budejovice"]
[Date "2020.07.02"]
[Round "2.2"]
[White "Skalicky, Jindrich"]
[Black "Kroulik, Vaclav"]
[Result "0-1"]
[WhiteElo "1165"]
[BlackElo "1442"]
[Annotator "NA"]
[PlyCount "84"]
[EventDate "2020.07.01"]
[EventType "swiss"]
[EventCountry "CZE"]
[SourceTitle "playchess.com"]
[Source "ChessBase"]
[SourceQuality "1"]
[TimeControl "40/5400+30:1800+30"]

1. d4 {[%emt 0:00:00]} Nf6 {[%emt 0:00:00]} 2. c4 {[%emt 0:00:00]} c5 {[%emt 0:00:00]} 3. d5 {[%emt 0:00:15]} e6 {[%emt 0:00:16]} 4. dxe6 {[%emt 0:01:19]} fxe6 {[%emt 0:00:17]} 5. Nf3 {[%emt 0:00:28]} d5 {[%emt 0:00:11]} 6. cxd5 {[%emt 0:02:47]} exd5 {[%emt 0:00:20]} 7. g3 {[%emt 0:01:06]} Nc6 {[%emt 0:00:54]} 8. Bg2 {[%emt 0:01:22]} Be7 {[%emt 0:01:35]} 9. O-O {[%emt 0:00:30]} O-O {[%emt 0:00:32]} 10. Nbd2 {[%emt 0:00:49]} Bf5 {[%emt 0:00:29]} 11. b3 {[%emt 0:03:18]} Nb4 {[%emt 0:02:16]} 12. Bb2 {[%emt 0:04:25]} Rc8 {[%emt 0:03:07]} 13. a3 {[%emt 0:01:53]} Na6 {[%emt 0:05:04]} 14. Rc1 {[%emt 0:05:00]} b5 {[%emt 0:01:22]} 15. Re1 {[%emt 0:03:43]} c4 {[%emt 0:01:31]} 16. bxc4 {[%emt 0:01:15]} dxc4 {[%emt 0:03:07]} 17. Bxf6 {[%emt 0:03:01]} Bxf6 {[%emt 0:00:16]} 18. Nf1 {[%emt 0:02:56]} Qxd1 19. Rexd1 {[%emt 0:00:39]} Bb2 {[%emt 0:03:37]} 20. Ne5 {[%emt 0:01:53]} Nc5 {[%emt 0:05:15]} 21. Bd5+ {[%emt 0:02:19]} Ne6 {[%emt 0:03:44]} 22. Bxe6+ {[%emt 0:01:07]} Bxe6 {[%emt 0:00:15]} 23. Rb1 {[%emt 0:05:56]} Bxe5 {[%emt 0:00:35]} 24. Rxb5 {[%emt 0:00:48]} Bf6 {[%emt 0:02:10]} 25. Rb7 {[%emt 0:01:45]} c3 {[%emt 0:00:57]} 26. Ne3 {[%emt 0:01:20]} Rf7 {[%emt 0:00:57]} 27. Rxf7 {[%emt 0:00:36]} Kxf7 {[%emt 0:00:28]} 28. Rc1 {[%emt 0:02:03]} Be7 {[%emt 0:00:55]} 29. Rc2 {[%emt 0:01:41]} Bb3 {[%emt 0:00:14]} 30. Rc1 {[%emt 0:01:31]} Bxa3 {[%emt 0:00:42]} 31. Ra1 {[%emt 0:00:17]} Bc5 {[%emt 0:00:17]} 32. h4 {[%emt 0:02:36]} Bxe3 {[%emt 0:00:13]} 33. fxe3 {[%emt 0:00:53]} c2 {[%emt 0:00:23]} 34. Rc1 {[%emt 0:01:06]} Rd8 {[%emt 0:00:11]} 35. Kf2 {[%emt 0:00:48]} Rd1 {[%emt 0:00:05]} 36. Rxc2 {[%emt 0:00:11]} Bxc2 {[%emt 0:00:07]} 37. Kf3 {[%emt 0:00:32]} a5 {[%emt 0:00:27]} 38. Kg4 {[%emt 0:00:40]} a4 {[%emt 0:00:12]} 39. h5 {[%emt 0:00:30]} a3 {[%emt 0:00:17]} 40. Kg5 {[%emt 0:00:38]} a2 {[%emt 0:00:09]} 41. h6 {[%emt 0:30:26]} gxh6+ {[%emt 0:30:11]} 42. Kxh6 {[%emt 0:01:12]} a1=B {[%emt 0:00:47]} 0-1

[Event "FIDE Open Sachove Univerzity QCC"]
[Site "Ceske Budejovice"]
[Date "2020.07.02"]
[Round "2.3"]
[White "Veselsky, Jan"]
[Black "Svanda, Adam"]
[Result "0-1"]
[WhiteElo "1580"]
[BlackElo "1870"]
[Annotator "NA"]
[PlyCount "66"]
[EventDate "2020.07.01"]
[EventType "swiss"]
[EventCountry "CZE"]
[SourceTitle "playchess.com"]
[Source "ChessBase"]
[SourceQuality "1"]
[TimeControl "40/5400+30:1800+30"]

1. d4 {[%emt 0:00:06]} Nf6 {[%emt 0:00:00]} 2. c4 {[%emt 0:00:05]} e6 {[%emt 0:00:00]} 3. Nc3 {[%emt 0:00:13]} Bb4 {[%emt 0:00:11]} 4. Nf3 {[%emt 0:00:12]} b6 {[%emt 0:02:40]} 5. Bg5 {[%emt 0:01:34]} O-O {[%emt 0:01:05]} 6. e3 {[%emt 0:01:07]} Bb7 {[%emt 0:01:08]} 7. Bd3 {[%emt 0:03:13]} d6 {[%emt 0:02:21]} 8. O-O {[%emt 0:08:04]} Bxc3 {[%emt 0:00:36]} 9. bxc3 {[%emt 0:00:03]} Nbd7 {[%emt 0:00:19]} 10. Rc1 {[%emt 0:06:40] E13: Queen's Indian/Nimzo-Indian hybrid: 4 Nc3 Bb7 5 Bg5 h6 6 Bh4 Bb4.} h6 {[%emt 0:02:21]} 11. Bh4 {[%emt 0:00:06] [#]} e5 $146 {[%emt 0:03:30]} ({Predecessor:} 11... g5 12. Nxg5 hxg5 13. Bxg5 Kg7 14. e4 Rh8 15. f4 Qg8 16. e5 Ne4 17. Qf3 Qh7 18. Bxe4 Bxe4 {0-1 (36) Ashwath,R (2365)-Schoppen,C (2493) Dieren 2019}) 12. Bb1 {[%emt 0:02:11]} Qe8 {[%emt 0:05:39]} 13. Re1 {[%emt 0:01:45]} Ne4 {[%emt 0:08:36]} 14. Nd2 {[%emt 0:01:36]} Nxd2 {[%emt 0:01:42]} 15. Qxd2 {[%emt 0:00:15]} f5 {[%emt 0:00:19]} 16. f3 {[%emt 0:02:24]} (16. f4 $11) 16... Qf7 {[%emt 0:02:22]} (16... e4 $17 17. fxe4 Bxe4) 17. Qd3 {[%emt 0:03:42]} (17. e4 $11 {keeps the balance.}) 17... Ba6 {[%emt 0:02:12]} 18. a3 {[%emt 0:02:53]} Bxc4 {[%emt 0:01:02]} 19. Qc2 {[%emt 0:00:17]} Kh8 {[%emt 0:03:21]} 20. e4 {[%emt 0:01:46]} f4 {[%emt 0:01:33]} 21. Bf2 {[%emt 0:01:17]} g5 {[%emt 0:01:49]} 22. d5 {[%emt 0:02:13]} a5 {[%emt 0:04:31]} 23. Ba2 {[%emt 0:02:40]} Bxa2 {[%emt 0:02:00]} 24. Qxa2 {[%emt 0:00:10]} h5 {[%emt 0:00:23]} 25. Qb2 {[%emt 0:01:58]} Rg8 {[%emt 0:00:58]} 26. c4 {[%emt 0:00:34]} g4 {[%emt 0:02:14]} 27. Qc3 {[%emt 0:00:38]} Nf6 {[%emt 0:04:29]} 28. Rf1 $19 {[%emt 0:03:16]} Qg6 {[%emt 0:01:34]} 29. Rce1 {[%emt 0:01:06]} Qg5 {[%emt 0:00:57]} 30. Rb1 {[%emt 0:01:10]} Rg7 {[%emt 0:05:55]} 31. Qe1 {[%emt 0:02:20]} g3 {[%emt 0:00:49]} 32. hxg3 {[%emt 0:00:16]} fxg3 {[%emt 0:00:06]} 33. Bxb6 {[%emt 0:02:09]} Qh4 {[%emt 0:01:00]} 0-1

[Event "FIDE Open Sachove Univerzity QCC"]
[Site "Ceske Budejovice"]
[Date "2020.07.02"]
[Round "2.3"]
[White "Motejzik, Jaroslav"]
[Black "Day, Sophia Olivia"]
[Result "0-1"]
[WhiteElo "1396"]
[BlackElo "1099"]
[Annotator "NA"]
[PlyCount "54"]
[EventDate "2020.07.01"]
[EventType "swiss"]
[EventCountry "CZE"]
[SourceTitle "playchess.com"]
[Source "ChessBase"]
[SourceQuality "1"]
[TimeControl "40/5400+30:1800+30"]

1. d4 {[%emt 0:00:00]} d5 {[%emt 0:00:00]} 2. Bf4 {[%emt 0:00:00]} e6 {[%emt 0:00:13]} 3. e3 {[%emt 0:00:00]} Nf6 {[%emt 0:00:19]} 4. Nf3 {[%emt 0:00:26]} Be7 {[%emt 0:01:29]} 5. Be2 {[%emt 0:00:57]} O-O {[%emt 0:00:35]} 6. c3 {[%emt 0:01:39]} b6 {[%emt 0:02:07]} 7. h3 {[%emt 0:01:43]} c5 {[%emt 0:01:52]} 8. O-O {[%emt 0:03:30]} Nc6 {[%emt 0:03:42]} 9. Bb5 {[%emt 0:04:04]} Bb7 {[%emt 0:01:59]} 10. Ne5 {[%emt 0:08:00]} Nxe5 {[%emt 0:04:03]} 11. Bxe5 {[%emt 0:00:43]} a6 {[%emt 0:00:45]} 12. Ba4 {[%emt 0:02:13]} b5 {[%emt 0:01:08]} 13. Bc2 {[%emt 0:00:08]} Bd6 {[%emt 0:02:44]} 14. f4 {[%emt 0:03:26]} Ne4 {[%emt 0:10:49]} 15. Nd2 {[%emt 0:04:03]} f5 {[%emt 0:04:22]} 16. Nxe4 {[%emt 0:04:19]} fxe4 {[%emt 0:00:59]} 17. Qg4 {[%emt 0:04:11]} Bxe5 {[%emt 0:02:07]} 18. Qxe6+ {[%emt 0:00:26]} Kh8 {[%emt 0:00:56]} 19. Qxe5 {[%emt 0:01:34]} Qh4 {[%emt 0:03:23]} 20. Qc7 {[%emt 0:03:14]} Bc8 {[%emt 0:01:28]} 21. Rf2 {[%emt 0:05:44]} cxd4 {[%emt 0:03:59]} 22. cxd4 {[%emt 0:02:57]} Qg3 {[%emt 0:01:04]} 23. Re1 {[%emt 0:06:47]} Bxh3 {[%emt 0:03:21]} 24. Ree2 {[%emt 0:00:18]} Bg4 {[%emt 0:05:05]} 25. Re1 {[%emt 0:01:18]} Rac8 {[%emt 0:00:50]} 26. Qd6 {[%emt 0:02:33]} Rf6 {[%emt 0:02:27]} 27. Qe7 {[%emt 0:04:58]} Rh6 {[%emt 0:02:59]} 0-1

[Event "FIDE Open Sachove Univerzity QCC"]
[Site "Ceske Budejovice"]
[Date "2020.07.02"]
[Round "2.4"]
[White "Titera, Libor"]
[Black "Tajovsky, Simon"]
[Result "1-0"]
[WhiteElo "1843"]
[BlackElo "1594"]
[Annotator "NA"]
[PlyCount "63"]
[EventDate "2020.07.01"]
[EventType "swiss"]
[EventCountry "CZE"]
[SourceTitle "playchess.com"]
[Source "ChessBase"]
[SourceQuality "1"]
[TimeControl "40/5400+30:1800+30"]

1. e4 {[%emt 0:00:00]} c5 {[%emt 0:00:07]} 2. Nf3 {[%emt 0:00:02]} Nc6 {[%emt 0:00:06]} 3. d4 {[%emt 0:00:16]} cxd4 {[%emt 0:00:09]} 4. Nxd4 {[%emt 0:00:08]} g6 {[%emt 0:00:15]} 5. c4 {[%emt 0:01:30]} Bg7 {[%emt 0:00:16]} 6. Be3 {[%emt 0:00:08]} Nf6 {[%emt 0:00:05]} 7. Nc3 {[%emt 0:01:22]} O-O {[%emt 0:00:28]} 8. Be2 {[%emt 0:03:52]} d6 {[%emt 0:00:26]} 9. O-O {[%emt 0:01:14]} Bd7 {[%emt 0:00:26]} 10. Kh1 {[%emt 0:07:43]} Nxd4 {[%emt 0:02:30]} 11. Bxd4 {[%emt 0:04:58]} Bc6 {[%emt 0:01:20] B38: Sicilian: Maroczy Bind with 5...Bg7 and 7...0-0.} 12. Qd3 {[%emt 0:02:34]} a5 {[%emt 0:03:29]} 13. f4 {[%emt 0:02:51]} Nd7 {[%emt 0:04:22]} 14. Bxg7 {[%emt 0:09:59]} (14. Rae1 {[%emt 1:10:22]}) 14... Kxg7 {[%emt 0:10:54]} 15. Rae1 {[%emt 0:06:58] [#]} Kg8 $146 {[%emt 0:00:30]} ({Predecessor:} 15... Qb6 16. Bg4 Nf6 17. Bf3 Qxb2 18. e5 dxe5 19. fxe5 Ne8 20. Bxc6 bxc6 21. Rb1 Qa3 {1-0 (29) Krasenkow,M (2604)-Cajbel,M (2222) Wroclaw 2012}) 16. Bf3 {[%emt 0:00:30]} Qc7 {[%emt 0:00:30]} 17. Qe3 {[%emt 0:11:31]} Rad8 {[%emt 0:20:19]} 18. Bg4 {[%emt 0:02:26]} Nc5 {[%emt 0:11:50]} 19. f5 {[%emt 0:01:54]} Qb6 {[%emt 0:08:22] [#]} 20. Qh6 $1 {[%emt 0:09:31]} Qxb2 {[%emt 0:05:21]} 21. Nd5 {[%emt 0:08:42]} Bxd5 {[%emt 0:01:40]} 22. exd5 {[%emt 0:00:26]} Rfe8 {[%emt 0:03:50]} 23. fxg6 {[%emt 0:03:59]} hxg6 {[%emt 0:00:13] [#]} 24. Rxf7 $18 {[%emt 0:04:01]} Kxf7 {[%emt 0:01:19]} 25. Qh7+ {[%emt 0:01:29]} Kf8 {[%emt 0:04:09]} 26. Rf1+ {[%emt 0:02:59]} Qf6 {[%emt 0:00:12]} 27. Rxf6+ {[%emt 0:03:20]} exf6 {[%emt 0:00:11]} 28. h4 {[%emt 0:01:00]} f5 {[%emt 0:04:44]} 29. Bf3 {[%emt 0:00:45]} Re5 {[%emt 0:03:16]} 30. Qxg6 {[%emt 0:00:22]} Ke7 {[%emt 0:01:11]} 31. Qg7+ {[%emt 0:00:23]} Ke8 {[%emt 0:00:25]} 32. Bh5# {[%emt 0:00:09]} 1-0